Open Data Biblioteca Nacional de Portugal


República Portuguesa: Ministério da Cultura
Biblioteca Nacional de Portugal

Catálogo da BNP: acesso por Identificadores Unívocos
Registos Bibliográficos associados ao registo de autoridade

Etiqueta de registo: 00000nkm 2200025 450
001 2265332
003 http://id.bnportugal.gov.pt/bib/catbnp/2265332
100 ## $a20260211f19891993m y0pory01030103ba
101 0# $apor
102 ## $aPT
200 1# $aA viagem das cores, V Projecto Experimental de Ação Pedagógico-Artística$bVisual gráfico]$fCentro Cultural de Almada
210 #9 $aAlmada$cCentro Cultural de Almada,$d[entre 1989 e 1993]
215 ## $a1 cartaz$ccolor.$d70x33 cm
306 ## $aDatação atribuída em conformidade com as caracteristicas formais do documento
317 ## $aColeção Madeira Luís
675 ## $a766(=1:469)"198/190"(084.5)$vBN$zpor $31984356
710 02 $aProjecto Experimental de Ação Pedagógico-Artística,$d5,$eAlmada,$31993141
712 02 $aCentro Cultural de Almada$348528
801 #0 $aPT$bBN$gRPC
966 ## $lBN$mICONOG$sCT. 21720 A.$x3
971 ## $cCaticonografia9$d20260211
995 ## $aPRR2026 $p $d20260211$iCaticonografia9

OpendataBNP@bnportugal.pt | Mais informação sobre acesso aos dados BNP